000 00725cam a22002531 4500
001 7022280
003 ARRUPE
005 20160428115040.0
008 840206s1959 enka 000 0 eng
010 _a 60026914
015 _aGB60-1729
035 _a(OCoLC)10381217
040 _aDLC
_cCLS
_dUk
_dDLC
050 0 0 _aSK251
_b.J65
082 0 0 _a799.296
100 1 _aJordan, John Alfred.
_924239
245 1 4 _aThe elephant stone,
_cby John Alfred Jordan as told to George Leith.
260 _aLondon,
_bN. Kaye
_c[c1959]
300 _a128 p.
_billus.
_c22 cm.
650 0 _aHunting
_zAfrica.
_95256
700 1 _aLeith, George.
_924240
906 _a7
_bcbc
_coclcrpl
_du
_encip
_f19
_gy-gencatlg
942 _2lcc
_cMONOGRAPH
999 _c124762
_d124762